<?xml version="1.0" encoding="UTF-8"?>
<record
    xmlns:xsi="http://www.w3.org/2001/XMLSchema-instance"
    xsi:schemaLocation="http://www.loc.gov/MARC21/slim http://www.loc.gov/standards/marcxml/schema/MARC21slim.xsd"
    xmlns="http://www.loc.gov/MARC21/slim">

  <leader>01123nam0a22002651  4500</leader>
  <controlfield tag="001">rc\4593432</controlfield>
  <controlfield tag="005">20260408082717.0</controlfield>
  <datafield tag="021" ind1=" " ind2=" ">
    <subfield code="a">RU</subfield>
    <subfield code="b">[68-97442]</subfield>
  </datafield>
  <datafield tag="035" ind1=" " ind2=" ">
    <subfield code="a">(NLR Aleph) 008385064</subfield>
  </datafield>
  <datafield tag="090" ind1=" " ind2=" ">
    <subfield code="a">9141805</subfield>
    <subfield code="c">9141805</subfield>
  </datafield>
  <datafield tag="100" ind1=" " ind2=" ">
    <subfield code="a">20130416d1968    |||y0rusy50      ca</subfield>
  </datafield>
  <datafield tag="101" ind1="0" ind2=" ">
    <subfield code="a">rus</subfield>
  </datafield>
  <datafield tag="102" ind1=" " ind2=" ">
    <subfield code="a">RU</subfield>
  </datafield>
  <datafield tag="105" ind1=" " ind2=" ">
    <subfield code="a">y   z   |||||</subfield>
  </datafield>
  <datafield tag="200" ind1="1" ind2=" ">
    <subfield code="a">&#x41C;&#x435;&#x442;&#x43E;&#x434;&#x438;&#x447;&#x435;&#x441;&#x43A;&#x43E;&#x435; &#x43F;&#x43E;&#x441;&#x43E;&#x431;&#x438;&#x435; &#x43A; &#x438;&#x437;&#x443;&#x447;&#x435;&#x43D;&#x438;&#x44E; &#x43A;&#x443;&#x440;&#x441;&#x430; "&#x424;&#x438;&#x43D;&#x430;&#x43D;&#x441;&#x44B; &#x438; &#x43A;&#x440;&#x435;&#x434;&#x438;&#x442;"</subfield>
    <subfield code="e">&#x414;&#x43B;&#x44F; &#x441;&#x43B;&#x443;&#x448;&#x430;&#x442;&#x435;&#x43B;&#x435;&#x439; &#x417;&#x412;&#x41F;&#x428; &#x43F;&#x440;&#x438; &#x426;&#x41A; &#x41A;&#x41F;&#x421;&#x421;</subfield>
    <subfield code="f">&#x417;&#x430;&#x43E;&#x447;. &#x432;&#x44B;&#x441;&#x448;. &#x43F;&#x430;&#x440;&#x442;. &#x448;&#x43A;&#x43E;&#x43B;&#x430; &#x43F;&#x440;&#x438; &#x426;&#x41A; &#x41A;&#x41F;&#x421;&#x421;. &#x41A;&#x430;&#x444;&#x435;&#x434;&#x440;&#x430; &#x44D;&#x43A;&#x43E;&#x43D;&#x43E;&#x43C;&#x438;&#x43A;&#x438; &#x43F;&#x440;&#x43E;&#x43C;-&#x441;&#x442;&#x438; &#x438; &#x43E;&#x441;&#x43D;&#x43E;&#x432; &#x43F;&#x440;&#x43E;&#x43C;. &#x43F;&#x440;&#x43E;&#x438;&#x437;&#x432;&#x43E;&#x434;&#x441;&#x442;&#x432;&#x430;</subfield>
  </datafield>
  <datafield tag="210" ind1=" " ind2=" ">
    <subfield code="a">&#x41C;&#x43E;&#x441;&#x43A;&#x432;&#x430;</subfield>
    <subfield code="c">&#x41C;&#x44B;&#x441;&#x43B;&#x44C;</subfield>
    <subfield code="d">1968</subfield>
  </datafield>
  <datafield tag="215" ind1=" " ind2=" ">
    <subfield code="a">61 &#x441;.</subfield>
    <subfield code="d">20</subfield>
  </datafield>
  <datafield tag="300" ind1=" " ind2=" ">
    <subfield code="a">&#x41D;&#x430; &#x43E;&#x431;&#x43E;&#x440;&#x43E;&#x442;&#x435; &#x442;&#x438;&#x442;. &#x43B;. &#x430;&#x432;&#x442;.: &#x43A;&#x430;&#x43D;&#x434;. &#x44D;&#x43A;&#x43E;&#x43D;. &#x43D;&#x430;&#x443;&#x43A; &#x41B;.&#x414;. &#x41C;&#x430;&#x445;&#x430;&#x435;&#x432;&#x430;</subfield>
  </datafield>
  <datafield tag="701" ind1=" " ind2="1">
    <subfield code="a">&#x41C;&#x430;&#x445;&#x430;&#x435;&#x432;&#x430;</subfield>
    <subfield code="b">&#x41B;.&#x414;.</subfield>
  </datafield>
  <datafield tag="712" ind1="0" ind2="2">
    <subfield code="a">&#x417;&#x430;&#x43E;&#x447;&#x43D;&#x430;&#x44F; &#x432;&#x44B;&#x441;&#x448;&#x430;&#x44F; &#x43F;&#x430;&#x440;&#x442;&#x438;&#x439;&#x43D;&#x430;&#x44F; &#x448;&#x43A;&#x43E;&#x43B;&#x430;</subfield>
    <subfield code="c">&#x41C;&#x43E;&#x441;&#x43A;&#x432;&#x430;</subfield>
    <subfield code="3">RU\NLR\AUTH\8810151452</subfield>
    <subfield code="9">797595</subfield>
  </datafield>
  <datafield tag="801" ind1=" " ind2="0">
    <subfield code="a">RU</subfield>
    <subfield code="b">NLR</subfield>
    <subfield code="g">psbo</subfield>
  </datafield>
  <datafield tag="801" ind1=" " ind2="1">
    <subfield code="a">RU</subfield>
    <subfield code="b">ELAR</subfield>
    <subfield code="2">rusmarc</subfield>
  </datafield>
  <datafield tag="852" ind1=" " ind2=" ">
    <subfield code="a">NLR</subfield>
    <subfield code="j">69-4/1682</subfield>
  </datafield>
  <datafield tag="942" ind1=" " ind2=" ">
    <subfield code="c">BOOK</subfield>
  </datafield>
  <datafield tag="980" ind1=" " ind2=" ">
    <subfield code="a">NB</subfield>
  </datafield>
  <datafield tag="995" ind1=" " ind2=" ">
    <subfield code="5">2013-10-26</subfield>
    <subfield code="b">NLR01</subfield>
    <subfield code="c">NLR01</subfield>
    <subfield code="e">RF31</subfield>
    <subfield code="f">8385064-10</subfield>
    <subfield code="k">69-4/1682</subfield>
    <subfield code="o">0</subfield>
    <subfield code="r">BOOK</subfield>
    <subfield code="s">6941682_</subfield>
  </datafield>
</record>
